000 00619nam a2200229Ia 4500
003 OSt
005 20221006145329.0
006 a|||||r|||| 00| 0
007 ta
008 221006b |||||||| |||| 00| 0 eng d
024 _a14,483
037 _cTextual
040 _aEASL
_cEASL
_beng
041 _2eng
_aeng
082 _aO41,1M93x, 111L2
100 _aBARNSTONE Willis Tr.
_9654147
245 0 _aPoems of Mao Tse-tung
260 _aLondon
_bBarrie and Jenkins
_c1972
300 _a137p.
_ccm.
942 _hO41,1M93x, 111L2
_cTEXL
_2CC
999 _c1082569
_d1082569